[Event "RLP Seniors op 17th"]
[Site "Neustadt an der Weinstrasse"]
[Date "2019.07.23"]
[Round "4"]
[White "Dickel, Gisbert"]
[Black "Holscher, Peter AC"]
[Result "0-1"]
[WhiteElo "1931"]
[BlackElo "2045"]
[PlyCount "60"]
[EventDate "2019.07.20"]
[EventType "swiss"]
[EventRounds "9"]
[EventCountry "GER"]
[SourceTitle "CBM 192 Extra"]
[Source "Chessbase"]
[SourceDate "2019.11.06"]
[SourceVersion "1"]
[SourceVersionDate "2019.11.06"]
[SourceQuality "1"]

1. Nf3 g6 2. h4 Bg7 3. h5 d5 4. d3 Bg4 5. h6 Bf8 6. c3 Bxf3 7. gxf3 c6 8. e4 e6 9. Be3 Nd7 10. Qc1 Bd6 11. f4 dxe4 12. dxe4 Qc7 13. Bd3 0-0-0 14. Bc2 Bc5 15. b4 Bxe3 16. Qxe3 Kb8 17. Nd2 Ngf6 18. f3 e5 19. fxe5 Nxe5 20. 0-0-0 Nh5 21. Kb1 f6 22. Rh4 Rhe8 23. f4 Nf7 24. f5 Ne5 25. fxg6 hxg6 26. Nb3 Nc4 27. Rxd8+ Rxd8 28. Qc1 Qg3 29. Rxh5 gxh5 30. Bd1 Qd3+ 0-1

[Event "Hessen-ch Seniors op 11th"]
[Site "Bad Sooden-Allendorf"]
[Date "2015.05.14"]
[Round "6"]
[White "Mann, Klaus Dieter"]
[Black "Holscher, Peter AC"]
[Result "1/2-1/2"]
[WhiteElo "2108"]
[BlackElo "2057"]
[PlyCount "72"]
[EventDate "2015.05.09"]
[EventType "swiss"]
[EventRounds "9"]
[EventCountry "GER"]
[SourceTitle "EXT 2018"]
[Source "ChessBase"]
[SourceDate "2017.10.13"]
[SourceVersion "1"]
[SourceVersionDate "2017.10.13"]
[SourceQuality "1"]

1. Nf3 g6 2. d4 Bg7 3. c4 f5 4. g3 Nf6 5. Bg2 0-0 6. Nc3 d6 7. d5 c6 8. 0-0 Bd7 9. Bd2 Qc7 10. Rc1 Na6 11. b3 Rad8 12. Ne1 e5 13. e4 fxe4 14. Nxe4 Nxe4 15. Bxe4 Bh3 16. Ng2 Nc5 17. Bb1 cxd5 18. cxd5 Qf7 19. Be3 b6 20. f3 Rc8 21. Qd2 Bf5 22. b4 Na6 23. Rxc8 Rxc8 24. Be4 Bxe4 25. fxe4 Qc7 26. a3 Qd7 27. Rc1 Rf8 28. Qc2 Nb8 29. Nh4 Qg4 30. Kg2 Bf6 31. h3 Qd7 32. Nf3 Qe7 33. Qc7 Na6 34. Qc4 Nb8 35. Bh6 Bg7 36. Bd2 Bf6 1/2-1/2

[Event "Bayern-chI Bank Hofmann 18th"]
[Site "Bad Wiessee"]
[Date "2014.10.31"]
[Round "8"]
[White "Zude, Arno"]
[Black "Holscher, Peter AC"]
[Result "1-0"]
[WhiteElo "2384"]
[BlackElo "2067"]
[PlyCount "71"]
[EventDate "2014.10.25"]
[EventType "swiss"]
[EventRounds "9"]
[EventCountry "GER"]
[SourceTitle "EXT 2015"]
[Source "ChessBase"]
[SourceDate "2014.11.20"]
[SourceVersion "1"]
[SourceVersionDate "2014.11.20"]
[SourceQuality "1"]

1. e4 e6 2. d4 d5 3. Nc3 Bb4 4. e5 Qd7 5. a3 Bxc3+ 6. bxc3 b6 7. Qg4 f5 8. Qg3 Nc6 9. h4 Bb7 10. h5 0-0-0 11. h6 Nxh6 12. Bxh6 gxh6 13. Rxh6 Rdg8 14. Qh4 Nd8 15. Nh3 Qg7 16. Nf4 Re8 17. a4 Kd7 18. Nh5 Qxh6 19. Nf6+ Qxf6 20. Qxf6 Rhf8 21. Qh6 Rf7 22. a5 Rg8 23. axb6 axb6 24. f3 Rg6 25. Qh4 Rfg7 26. Kf2 Nf7 27. Bb5+ Bc6 28. Bf1 Rh6 29. Qf4 Rh1 30. Qc1 Nd8 31. Ra7 Ke8 32. Qa3 f4 33. Qa6 Kf8 34. Qc8 Rd7 35. Rxc7 Bb5 36. Bxb5 1-0

[Event "Hessen-ch Seniors op 10th"]
[Site "Bad Sooden-Allendorf"]
[Date "2014.05.04"]
[Round "9"]
[White "Holscher, Peter AC"]
[Black "Rollwitz, Juergen"]
[Result "0-1"]
[WhiteElo "2057"]
[BlackElo "1841"]
[PlyCount "78"]
[EventDate "2014.04.26"]
[EventType "swiss"]
[EventRounds "9"]
[EventCountry "GER"]
[SourceTitle "EXT 2018"]
[Source "ChessBase"]
[SourceDate "2017.10.13"]
[SourceVersion "1"]
[SourceVersionDate "2017.10.13"]
[SourceQuality "1"]

1. d4 d6 2. Nf3 Nf6 3. c4 Nbd7 4. Nc3 c6 5. g3 Qc7 6. Bg2 e5 7. 0-0 Be7 8. h3 0-0 9. Be3 a6 10. Rc1 exd4 11. Nxd4 Ne5 12. b3 c5 13. Nc2 Rb8 14. g4 Ng6 15. Qd2 b5 16. g5 b4 17. Nd5 Nxd5 18. cxd5 Nh4 19. Bf4 f6 20. gxf6 Bxf6 21. Bg3 Nxg2 22. Kxg2 Qd7 23. Rh1 Qe7 24. Qe3 Qd8 25. Qd3 Bg5 26. Ne3 Qe7 27. Rcd1 Bf4 28. Bxf4 Rxf4 29. Nc4 Bd7 30. e3 Bf5 31. Qd2 Be4+ 32. Kh2 Rf3 33. Rhg1 Rbf8 34. Rdf1 Qf6 35. Rg4 Rxh3+ 36. Kxh3 Qh6+ 37. Rh4 Rf3+ 38. Kg2 Qxh4 39. Rh1 Rxf2+ 0-1

[Event "Hessen-ch Seniors op 10th"]
[Site "Bad Sooden-Allendorf"]
[Date "2014.05.02"]
[Round "7"]
[White "Holscher, Peter AC"]
[Black "Knaak, Joachim"]
[Result "0-1"]
[WhiteElo "2057"]
[BlackElo "2157"]
[PlyCount "100"]
[EventDate "2014.04.26"]
[EventType "swiss"]
[EventRounds "9"]
[EventCountry "GER"]
[SourceTitle "EXT 2018"]
[Source "ChessBase"]
[SourceDate "2017.10.13"]
[SourceVersion "1"]
[SourceVersionDate "2017.10.13"]
[SourceQuality "1"]

1. d4 d5 2. Nf3 Nf6 3. c4 c6 4. e3 Bf5 5. Nc3 e6 6. Be2 Nbd7 7. 0-0 Bd6 8. h3 0-0 9. Nh4 Ne4 10. Nxf5 exf5 11. cxd5 Nxc3 12. bxc3 cxd5 13. Qb3 Nb6 14. a4 Qc7 15. a5 Nc4 16. Qb5 Rfd8 17. Ra4 a6 18. Qb1 Nxa5 19. Qa2 Nc6 20. Kh1 Ne7 21. c4 dxc4 22. Bxc4 Nc6 23. Bd2 Rac8 24. Bd3 Qd7 25. Rb1 Bb8 26. f4 g6 27. Qb3 b5 28. Rxa6 Nxd4 29. Qa2 Ne6 30. Ba5 Qxd3 31. Rxe6 Rc2 32. Qa1 fxe6 33. Bxd8 Qxd8 34. Rxb5 Bc7 35. Qa6 Qd6 36. Qc8+ Kg7 37. Qe8 g5 38. Re5 Rc1+ 39. Kh2 Rc6 40. h4 gxf4 41. exf4 Bd8 42. g3 Bf6 43. Re2 Rb6 44. Kh3 Qc6 45. Qxc6 Rxc6 46. Re3 Kf7 47. g4 Rc3 48. Rg3 fxg4+ 49. Kxg4 h5+ 50. Kh3 Rxg3+ 0-1

[Event "Hessen-ch Seniors op 10th"]
[Site "Bad Sooden-Allendorf"]
[Date "2014.05.01"]
[Round "6"]
[White "Montsma, Foppe Jan"]
[Black "Holscher, Peter AC"]
[Result "0-1"]
[WhiteElo "1859"]
[BlackElo "2057"]
[PlyCount "66"]
[EventDate "2014.04.26"]
[EventType "swiss"]
[EventRounds "9"]
[EventCountry "GER"]
[SourceTitle "EXT 2018"]
[Source "ChessBase"]
[SourceDate "2017.10.13"]
[SourceVersion "1"]
[SourceVersionDate "2017.10.13"]
[SourceQuality "1"]

1. e4 e6 2. Nc3 d5 3. g3 c5 4. Bg2 Nf6 5. d3 Nc6 6. exd5 exd5 7. Nge2 Be7 8. 0-0 0-0 9. Nf4 d4 10. Ne4 Bf5 11. Nxf6+ Bxf6 12. Nd5 Be6 13. Nf4 Re8 14. Bxc6 bxc6 15. Nxe6 Rxe6 16. Qf3 Qd5 17. Qxd5 cxd5 18. Bd2 Re2 19. Rad1 c4 20. Rfe1 Re6 21. Bb4 Rb8 22. Ba3 Ra6 23. dxc4 dxc4 24. Bc5 Rxa2 25. Bxd4 h6 26. Bxf6 gxf6 27. Re4 Rbxb2 28. Rg4+ Kf8 29. Rd8+ Ke7 30. Rgg8 f5 31. Rge8+ Kf6 32. Rd6+ Kg7 33. Rdd8 Rxc2 0-1

[Event "Hessen-ch Seniors op 10th"]
[Site "Bad Sooden-Allendorf"]
[Date "2014.04.30"]
[Round "5"]
[White "Holscher, Peter AC"]
[Black "Haubt, Georg"]
[Result "0-1"]
[WhiteElo "2057"]
[BlackElo "2206"]
[PlyCount "84"]
[EventDate "2014.04.26"]
[EventType "swiss"]
[EventRounds "9"]
[EventCountry "GER"]
[SourceTitle "EXT 2018"]
[Source "ChessBase"]
[SourceDate "2017.10.13"]
[SourceVersion "1"]
[SourceVersionDate "2017.10.13"]
[SourceQuality "1"]

1. Nf3 f5 2. g3 b6 3. Bg2 Bb7 4. d4 e6 5. 0-0 Nf6 6. c4 d5 7. Ng5 Qd7 8. Nc3 h6 9. Nh3 c6 10. cxd5 cxd5 11. Bf4 Be7 12. Rc1 0-0 13. Be5 Nc6 14. Nf4 Kh7 15. Nd3 Ba6 16. h3 Rac8 17. Re1 Ne4 18. e3 Nb4 19. Nf4 Bg5 20. a3 Bxf4 21. axb4 Bxe5 22. dxe5 Rc7 23. Ne2 Rxc1 24. Qxc1 Rc8 25. Qa1 Bxe2 26. Rxe2 Qb5 27. Bf1 Qxb4 28. Bg2 a5 29. g4 fxg4 30. hxg4 Qc4 31. Re1 Qc2 32. Rf1 Nd2 33. Re1 Rc4 34. f3 Qb3 35. Re2 Rc2 36. Qa3 Qc4 37. Rf2 d4 38. Kh2 d3 39. Qd6 Ne4 40. fxe4 Rxf2 41. Kg3 Rxb2 42. Bf1 Qc2 0-1

[Event "Bussum op 30th"]
[Site "Bussum"]
[Date "2013.05.19"]
[Round "5"]
[White "Cornelisse, Johnny JA"]
[Black "Holscher, Peter AC"]
[Result "1-0"]
[WhiteElo "2215"]
[BlackElo "2067"]
[PlyCount "85"]
[EventDate "2013.05.18"]
[EventType "swiss"]
[EventRounds "7"]
[EventCountry "NED"]
[SourceTitle "CBM 154 Extra"]
[Source "ChessBase"]
[SourceDate "2013.06.25"]
[SourceVersion "2"]
[SourceVersionDate "2013.06.25"]
[SourceQuality "1"]

1. c4 g6 2. d4 Bg7 3. Nc3 d6 4. e4 e5 5. Be3 Nc6 6. d5 Nce7 7. g4 Nf6 8. Be2 h5 9. g5 Nd7 10. Qd2 a5 11. 0-0-0 b6 12. f4 exf4 13. Bxf4 Ne5 14. Nf3 Nxf3 15. Bxf3 Ba6 16. Be2 Qd7 17. Rhe1 0-0 18. Bd3 f6 19. gxf6 Bxf6 20. e5 dxe5 21. Bxe5 Nf5 22. Bxf6 Rxf6 23. Qg5 Qg7 24. Ne4 Rf7 25. Rg1 Kh7 26. Qd2 Re7 27. Ng5+ Kh8 28. Bxf5 gxf5 29. Ne6 Qf6 30. Rg5 Bxc4 31. Rxh5+ Rh7 32. Rxh7+ Kxh7 33. Qf4 Qh6 34. Ng5+ Kg6 35. h4 Bxa2 36. d6 Qf8 37. Rg1 Qc8 38. Nf3+ Kf7 39. d7 Qh8 40. Qxf5+ Ke7 41. Ne5 Qh6+ 42. Kc2 Be6 43. Ng6+ 1-0

[Event "Hessen-ch Seniors op 09th"]
[Site "Bad Sooden-Allendorf"]
[Date "2013.04.23"]
[Round "4"]
[White "Ljubarskij, Jurij"]
[Black "Holscher, Peter AC"]
[Result "1-0"]
[WhiteElo "2293"]
[BlackElo "2067"]
[PlyCount "135"]
[EventDate "2013.04.20"]
[EventType "swiss"]
[EventRounds "9"]
[EventCountry "GER"]
[SourceTitle "EXT 2019"]
[Source "ChessBase"]
[SourceDate "2018.10.10"]
[SourceVersion "1"]
[SourceVersionDate "2018.10.10"]
[SourceQuality "1"]

1. f4 d5 2. Nf3 g6 3. e3 Bg7 4. d4 Nf6 5. c4 c6 6. Nc3 0-0 7. Bd3 Bg4 8. 0-0 Nbd7 9. cxd5 Nxd5 10. Nxd5 cxd5 11. Qb3 Bxf3 12. Rxf3 Nb6 13. Bd2 Rc8 14. Rff1 Qd7 15. Bb5 Qe6 16. f5 gxf5 17. Bd3 Qh6 18. Qb4 e6 19. Rac1 Qg5 20. e4 Bxd4+ 21. Qxd4 Qxd2 22. Rcd1 Qh6 23. exf5 Nc4 24. Rf3 e5 25. Rg3+ Kh8 26. Qxd5 Rfd8 27. Qxb7 Qb6+ 28. Qxb6 axb6 29. b3 Nb2 30. Rd2 Rc1+ 31. Kf2 Nd1+ 32. Kf3 Nc3 33. Ke3 Re1+ 34. Kf2 Ra1 35. Rc2 Rxa2 36. Rxa2 Nxa2 37. Bc4 f6 38. Kf3 Nb4 39. Kg4 Rd7 40. Re3 Kg7 41. Kf3 Nc2 42. Rc3 Nd4+ 43. Ke4 Kf8 44. g4 Rg7 45. Rg3 h6 46. Be6 Rc7 47. Bd5 Ne2 48. Rd3 Nf4 49. Re3 Ke7 50. Bc4 Rc5 51. h4 b5 52. Bf1 b4 53. Bc4 Ra5 54. Re1 Ra2 55. g5 Ng2 56. gxh6 Rf2 57. Rh1 Rf4+ 58. Kd5 Ne3+ 59. Kc5 Rxf5 60. h5 Kf8 61. Kxb4 Nxc4 62. bxc4 Kg8 63. c5 Rf2 64. Kc4 Kh7 65. c6 Rc2+ 66. Kd5 Kxh6 67. Rf1 Kxh5 68. Rxf6 1-0

[Event "Hessen-ch Seniors op 08th"]
[Site "Bad Sooden-Allendorf"]
[Date "2012.04.22"]
[Round "9"]
[White "Holscher, Peter AC"]
[Black "Voermans, Adri"]
[Result "1-0"]
[WhiteElo "2085"]
[BlackElo "1883"]
[PlyCount "57"]
[EventDate "2012.04.14"]
[EventType "swiss"]
[EventRounds "9"]
[EventCountry "GER"]
[SourceTitle "EXT 2019"]
[Source "ChessBase"]
[SourceDate "2018.10.10"]
[SourceVersion "1"]
[SourceVersionDate "2018.10.10"]
[SourceQuality "1"]

1. d4 Nf6 2. c4 g6 3. Nf3 Bg7 4. Nc3 d5 5. Bf4 0-0 6. e3 c6 7. Bd3 b6 8. 0-0 Nh5 9. Be5 f6 10. Bxb8 Rxb8 11. Qa4 e5 12. cxd5 cxd5 13. Nxd5 Kh8 14. Nc3 f5 15. Be2 exd4 16. Nxd4 Bxd4 17. Qxd4+ Nf6 18. Qe5 Rb7 19. Rfd1 Qc7 20. Rd6 Qe7 21. Qxe7 Rxe7 22. Rad1 Be6 23. h3 Kg7 24. Rc6 Rff7 25. Rd8 Rf8 26. Rdd6 Kf7 27. Bc4 Rfe8 28. b3 Nd7 29. Bxe6+ 1-0

[Event "Hessen-ch Seniors op 08th"]
[Site "Bad Sooden-Allendorf"]
[Date "2012.04.19"]
[Round "6"]
[White "Van Dongen, Rob"]
[Black "Holscher, Peter AC"]
[Result "1-0"]
[WhiteElo "1968"]
[BlackElo "2085"]
[PlyCount "61"]
[EventDate "2012.04.14"]
[EventType "swiss"]
[EventRounds "9"]
[EventCountry "GER"]
[SourceTitle "EXT 2019"]
[Source "ChessBase"]
[SourceDate "2018.10.10"]
[SourceVersion "1"]
[SourceVersionDate "2018.10.10"]
[SourceQuality "1"]

1. d4 Nf6 2. c4 e6 3. Nc3 Bb4 4. Bd2 0-0 5. a3 Bxc3 6. Bxc3 b6 7. Nf3 Bb7 8. g3 d5 9. cxd5 Bxd5 10. Bg2 Nbd7 11. 0-0 Rc8 12. Nd2 Bxg2 13. Kxg2 c5 14. Qa4 Qc7 15. Rac1 Qb7+ 16. Kg1 b5 17. Qb3 c4 18. Qc2 Nb6 19. e4 h6 20. Rfe1 Na4 21. Bb4 Rfd8 22. e5 Ne8 23. Re4 Qb6 24. Nf3 a5 25. Bd2 f5 26. exf6 Nxf6 27. Rh4 Qa7 28. Qg6 Nxb2 29. Rc2 Nd3 30. Rxh6 Qf7 31. Rh8+ 1-0

[Event "Hessen-ch Seniors op 08th"]
[Site "Bad Sooden-Allendorf"]
[Date "2012.04.16"]
[Round "3"]
[White "Holscher, Peter AC"]
[Black "Kirchberg, Hans Georg"]
[Result "1-0"]
[WhiteElo "2085"]
[BlackElo "1971"]
[PlyCount "77"]
[EventDate "2012.04.14"]
[EventType "swiss"]
[EventRounds "9"]
[EventCountry "GER"]
[SourceTitle "EXT 2019"]
[Source "ChessBase"]
[SourceDate "2018.10.10"]
[SourceVersion "1"]
[SourceVersionDate "2018.10.10"]
[SourceQuality "1"]

1. d4 e6 2. Nf3 c5 3. c4 cxd4 4. Nxd4 Nf6 5. Nc3 a6 6. e4 d6 7. Be2 Be7 8. 0-0 0-0 9. Be3 b6 10. f4 Bb7 11. Bf3 Qc7 12. Rc1 Nbd7 13. f5 e5 14. Nd5 Qd8 15. Ne2 Nxd5 16. cxd5 Rc8 17. Qd2 Rxc1 18. Rxc1 Qb8 19. b4 Rc8 20. Nc3 b5 21. a4 bxa4 22. Nxa4 Bd8 23. Be2 h6 24. Bd3 Nf6 25. h3 Kh7 26. Ra1 Rc7 27. Nb6 Re7 28. Nc4 Bc8 29. Qe1 Bb7 30. g4 Re8 31. Qf2 Qc7 32. Rc1 Qe7 33. Bb6 Nd7 34. Bxd8 Rxd8 35. Na5 Nb8 36. f6 Qd7 37. Qb6 Rc8 38. Rxc8 Qxc8 39. Nxb7 1-0

[Event "Hessen-ch Seniors op 08th"]
[Site "Bad Sooden-Allendorf"]
[Date "2012.04.14"]
[Round "1"]
[White "Holscher, Peter AC"]
[Black "Busic, Nedjeljko"]
[Result "1-0"]
[WhiteElo "2085"]
[BlackElo "2028"]
[PlyCount "99"]
[EventDate "2012.04.14"]
[EventType "swiss"]
[EventRounds "9"]
[EventCountry "GER"]
[SourceTitle "EXT 2019"]
[Source "ChessBase"]
[SourceDate "2018.10.10"]
[SourceVersion "1"]
[SourceVersionDate "2018.10.10"]
[SourceQuality "1"]

1. d4 Nf6 2. Nf3 g6 3. c4 Bg7 4. Nc3 d6 5. g3 0-0 6. Bg2 Nc6 7. 0-0 Bf5 8. d5 Nb4 9. Nd4 Bd7 10. a3 Na6 11. h3 Qc8 12. Kh2 e5 13. dxe6 fxe6 14. Be3 c6 15. Rc1 Nc7 16. Qd2 Qe8 17. Nb3 Qe7 18. Rcd1 Nce8 19. Na5 Bc8 20. b4 Qc7 21. Nb3 e5 22. Rc1 Qe7 23. Rfd1 Be6 24. Na5 a6 25. Bg5 Rd8 26. Na4 h6 27. Bxh6 Bxh6 28. Qxh6 Kf7 29. Qe3 Rh8 30. Qb6 Rd7 31. f3 Nh5 32. Qf2 Qg5 33. Nc3 Qh6 34. e3 Bxh3 35. Rh1 Bxg2 36. Kxg2 Qg7 37. Ne4 Ke7 38. g4 Nhf6 39. Rxh8 Qxh8 40. Rh1 Qg7 41. Qh4 Kd8 42. Ng5 Qe7 43. e4 Kc7 44. Qh6 d5 45. cxd5 cxd5 46. Rc1+ Kb6 47. exd5 Rxd5 48. Qxg6 Rd2+ 49. Kg3 Qd6 50. Nc4+ 1-0

[Event "Goch op 22nd"]
[Site "Goch"]
[Date "2011.09.30"]
[Round "3"]
[White "Holscher, Peter AC"]
[Black "Stotyn, Fabian"]
[Result "0-1"]
[WhiteElo "2111"]
[BlackElo "2054"]
[PlyCount "84"]
[EventDate "2011.09.29"]
[EventType "swiss"]
[EventRounds "7"]
[EventCountry "GER"]
[SourceTitle "EXT 2014"]
[Source "ChessBase"]
[SourceDate "2013.11.20"]
[SourceVersion "1"]
[SourceVersionDate "2013.11.20"]
[SourceQuality "1"]

1. d4 d5 2. Nf3 Nf6 3. c4 c6 4. g3 a6 5. Nbd2 b5 6. b3 Bf5 7. Bg2 e6 8. 0-0 Bd6 9. Bb2 Nbd7 10. Nh4 0-0 11. Nxf5 exf5 12. Qc2 g6 13. a4 b4 14. Rae1 Re8 15. e3 Ne4 16. f3 Nxg3 17. hxg3 Bxg3 18. f4 Bxe1 19. Rxe1 Nf6 20. Nf3 Ng4 21. Ne5 Qh4 22. Nf3 Qg3 23. Qd2 f6 24. Bc1 h5 25. Re2 Kg7 26. Qe1 Qxe1+ 27. Nxe1 Red8 28. Nd3 a5 29. Bf3 Ra7 30. Rc2 Re7 31. Bxg4 fxg4 32. cxd5 cxd5 33. Rc5 g3 34. Kg2 h4 35. Rxa5 Rh8 36. Kh3 g5 37. fxg5 fxg5 38. Rxd5 g4+ 39. Kg2 h3+ 40. Kxg3 h2 41. Nf2 Rf7 42. Nh1 Rf1 0-1

[Event "Hessen-ch Seniors op 07th"]
[Site "Bad Sooden-Allendorf"]
[Date "2011.05.07"]
[Round "8"]
[White "Holscher, Peter AC"]
[Black "Ljubarskij, Jurij"]
[Result "1/2-1/2"]
[WhiteElo "2251"]
[BlackElo "2150"]
[PlyCount "92"]
[EventDate "2011.04.30"]
[EventType "swiss"]
[EventRounds "9"]
[EventCountry "GER"]
[SourceTitle "EXT 2012"]
[Source "ChessBase"]
[SourceDate "2011.11.24"]
[SourceVersion "1"]
[SourceVersionDate "2011.11.24"]
[SourceQuality "1"]

1. d4 d5 2. Nf3 Nf6 3. g3 g6 4. Bg2 Bg7 5. 0-0 0-0 6. Nbd2 Nc6 7. c3 Re8 8. h3 e5 9. dxe5 Nxe5 10. Nxe5 Rxe5 11. Nf3 Re8 12. Bg5 h6 13. Bxf6 Bxf6 14. Qd2 Kg7 15. Rad1 c6 16. Rfe1 Qb6 17. Nd4 Bd7 18. e3 Rad8 19. Qc2 Bxd4 20. Rxd4 Bf5 21. Qd2 Be4 22. Rb4 Qc7 23. Qd4+ Kg8 24. Qxa7 Rd7 25. Qc5 Bxg2 26. Kxg2 Ra8 27. a3 Ra6 28. Rh4 Kg7 29. Qd4+ f6 30. Qf4 Qxf4 31. Rxf4 c5 32. g4 Kf7 33. Rd1 Ke6 34. c4 Rad6 35. cxd5+ Rxd5 36. Re4+ Kf7 37. Rxd5 Rxd5 38. Rc4 b6 39. b4 Ke6 40. bxc5 bxc5 41. e4 Rd3 42. Rxc5 Rxa3 43. f3 Kf7 44. Kg3 Kg7 45. h4 Kf7 46. Rc8 Kg7 1/2-1/2